Quản lý chất lượng giáo dục Đại học /
Cuốn sách viết về những vấn đề liên quan đến quản lý chất lượng giáo dục đại học thế giới và đưa ra khuyến nghị áp dụng hệ thống bảo đảm chất lượng vào giáo dục nước ta...
محفوظ في:
| المؤلف الرئيسي: | |
|---|---|
| التنسيق: | كتاب |
| اللغة: | Vietnamese |
| منشور في: |
Hà Nội :
Đại học Quốc gia Hà Nội,
2000.
|
| الموضوعات: | |
| الوسوم: |
إضافة وسم
لا توجد وسوم, كن أول من يضع وسما على هذه التسجيلة!
|
| Thư viện lưu trữ: | Mạng thư viện Đại học Đà Nẵng |
|---|
| LEADER | 01124cam a2200349 i 4500 | ||
|---|---|---|---|
| 001 | 000047026 | ||
| 003 | 6548 | ||
| 005 | 20030918150721.0 | ||
| 008 | 010306b2000 vm 000 vie | ||
| 020 | |c 34000 | ||
| 022 | |a T | ||
| 040 | |a IRC |c IRC |d IRC | ||
| 041 | 0 | |a vie | |
| 082 | 1 | 4 | |a 378 |b PH-N |
| 100 | 1 | |a Phạm Thành Nghị. | |
| 245 | 0 | 0 | |a Quản lý chất lượng giáo dục Đại học / |c Phạm Thành Nghị. |
| 260 | |a Hà Nội : |b Đại học Quốc gia Hà Nội, |c 2000. | ||
| 300 | |a 278tr. ; |c 20,5cm. | ||
| 520 | 3 | |a Cuốn sách viết về những vấn đề liên quan đến quản lý chất lượng giáo dục đại học thế giới và đưa ra khuyến nghị áp dụng hệ thống bảo đảm chất lượng vào giáo dục nước ta... | |
| 630 | 0 | 4 | |a Giáo dục. |
| 630 | 0 | 4 | |a Đại học. |
| 650 | 0 | 4 | |a Giáo dục đại học. |
| OWN | |a DUT | ||
| 999 | |a From the UDN01 | ||
| TYP | |a Monograph | ||
| TYP | |a Printed language | ||
| 980 | |a Mạng thư viện Đại học Đà Nẵng | ||